|
|
|
|
| LEADER |
00000cam a2200000 a 4500 |
| 001 |
vtls001113282 |
| 003 |
SK-MaSNL |
| 005 |
20260301111523.0 |
| 008 |
250313s1978 xo 00100 slo |
| 015 |
|
|
|a SNBA1978
|
| 035 |
|
|
|a SNK000056125
|
| 035 |
|
|
|a urn:nbn:sk:snk-amkwzs
|
| 035 |
|
|
|a urn:nbn:sk:snk-am0082ko
|
| 035 |
|
|
|a A026CA6B-FC73-41FE-A81E-F4C812277A76
|
| 040 |
|
|
|a SNK
|b slo
|c SNK
|e AACR2
|
| 041 |
0 |
|
|a slo
|
| 044 |
|
|
|a xo
|c SK
|
| 080 |
|
|
|a 576.31+575+572(075.8)
|2 1981
|
| 080 |
|
|
|a 575
|2 1981
|
| 080 |
|
|
|a 572(075.8)
|2 1981
|
| 080 |
|
|
|a 612.63/.67(075.8)
|2 1981
|
| 100 |
1 |
|
|a Palát, Miroslav,
|d 1927-2014
|4 aut
|9 203087
|
| 245 |
1 |
0 |
|a Vybrané kapitoly zo všeobecnej biológie človeka
|c Miroslav Palát
|
| 250 |
|
|
|a 4. nezm. vyd.
|
| 260 |
|
|
|a Bratislava
|b Univerzita Komenského
|c 1978
|
| 300 |
|
|
|a 132 s.
|b mp., sch., tab.
|c 29 cm
|
| 366 |
|
|
|e 200 výt.
|
| 490 |
1 |
|
|a Vysokoškolské skriptá
|
| 504 |
|
|
|a Bibliogr. Zozn. tb. a ilustr. Vec. reg.
|
| 650 |
0 |
7 |
|a biológia
|2 SNKPH
|9 689
|
| 655 |
|
7 |
|a učebnice vysokých škôl
|2 SNKPH
|9 70191
|
| 830 |
|
0 |
|a Vysokoškolské skriptá
|9 276440
|
| 852 |
|
|
|a Slovenská národná knižnica
|
| 958 |
|
|
|a OND
|
| 958 |
|
|
|a MI
|
| 958 |
|
|
|a NB
|
| 999 |
|
|
|c 707271
|d 709201
|
| 952 |
|
|
|t P60, <04>, [BOOK], {604}
|a SNK
|b SNK
|y VYP
|7 0
|p 17A0164309
|o snkSB 27025 D1
|i snkKSP 5006/78
|0 0
|1 0
|4 0
|d 1998-10-27
|l 0
|r 2004-12-31 00:00:00
|w 2026-02-23
|
| 952 |
|
|
|a SNK
|b SNK
|y PREZ
|7 0
|p 17A0970574
|o snkSB 27025
|i snkKSP 5005/78
|0 0
|1 0
|4 0
|d 2012-07-26
|f 1
|l 0
|r 2026-02-23 21:21:13
|w 2026-02-23
|